L'Appel de la Foret : (Record no. 297580)
[ view plain ]
| 000 -LEADER | |
|---|---|
| fixed length control field | 00680nam a2200217 u 4500 |
| 001 - CONTROL NUMBER | |
| control field | 000824574 |
| 003 - CONTROL NUMBER IDENTIFIER | |
| control field | AM-YeHGA |
| 005 - DATE AND TIME OF LATEST TRANSACTION | |
| control field | 20250617144623.0 |
| 008 - FIXED-LENGTH DATA ELEMENTS--GENERAL INFORMATION | |
| fixed length control field | 110722s fr r 000 0 fre d |
| 040 ## - CATALOGING SOURCE | |
| Original cataloging agency | AM-YeHGA |
| 041 1# - LANGUAGE CODE | |
| Language code of text/sound track or separate title | fre |
| Language code of original | eng |
| 090 ## - LOCALLY ASSIGNED LC-TYPE CALL NUMBER (OCLC); LOCAL CALL NUMBER (RLIN) | |
| -- | 299274 |
| 100 1# - MAIN ENTRY--PERSONAL NAME | |
| Personal name | London, Jack, |
| Dates associated with a name | 1876-1916 |
| 245 12 - TITLE STATEMENT | |
| Title | L'Appel de la Foret : |
| Remainder of title | Roman / |
| Statement of responsibility, etc. | Jack London ; Trad. par Mme La Comtesse de Galard ; Lettre-preface de Paul Bourget. |
| 260 ## - PUBLICATION, DISTRIBUTION, ETC. | |
| Place of publication, distribution, etc. | Paris : |
| Name of publisher, distributor, etc. | Les Editions de France, |
| Date of publication, distribution, etc. | s.a. |
| 300 ## - PHYSICAL DESCRIPTION | |
| Extent | 214 p. |
| 500 ## - GENERAL NOTE | |
| General note | " Honore d'un Medaille D'Argent de la Societe Protectrice des Animaux" |
| 650 14 - SUBJECT ADDED ENTRY--TOPICAL TERM | |
| Topical term or geographic name entry element | Fiction |
| 700 1# - ADDED ENTRY--PERSONAL NAME | |
| Personal name | Bourget, Paul |
| Relationship | aft |
| 700 1# - ADDED ENTRY--PERSONAL NAME | |
| Personal name | Galard |
| Relationship | trl |
| Withdrawn status | Lost status | Source of classification or shelving scheme | Damaged status | Not for loan | Collection | Home library | Current library | Date acquired | Total checkouts | Full call number | Barcode | Date last seen | Price effective from | Koha item type | Public note |
|---|---|---|---|---|---|---|---|---|---|---|---|---|---|---|---|
| Universal Decimal Classification | Merdinian Individual Collection | Fundamental Scientific Library | Fundamental Scientific Library | 09/01/2017 | Merd/2953 | FL0200399 | 09/01/2017 | 09/01/2017 | Գրքեր / Books | ILL Non-Circ. |
ՀՀ Գիտությունների ազգային ակադեմիայի հիմնարար գիտական գրադարան = Fundamental Scientific Library of NAS RA
All site content, except where otherwise noted, is licensed under a